The Practice of Statistics for Business and Economics
Salvato in:
| Autore principale: | |
|---|---|
| Altri autori: | , |
| Natura: | Libro |
| Lingua: | inglese |
| Pubblicazione: |
New York
Macmillan International Higher Education
2020
|
| Edizione: | 5th Edition |
| Soggetti: | |
| Tags: |
Nessun Tag, puoi essere il primo ad aggiungerne!!
|
MARC
| LEADER | 00000nam a2200000 4500 | ||
|---|---|---|---|
| 001 | 0278663 | ||
| 005 | 20230404141820.6 | ||
| 020 | |a 978-1-319-32481-0 | ||
| 020 | |a 1-319-32481-9 | ||
| 041 | 0 | |a eng | |
| 044 | |a US | ||
| 245 | 1 | 0 | |a The Practice of Statistics for Business and Economics |c Layth C. Alwan, Bruce A. Craig, George P. McCabe |
| 250 | |a 5th Edition | ||
| 264 | 1 | |a New York |b Macmillan International Higher Education |c 2020 | |
| 300 | |a 767 s. | ||
| 610 | 2 | 0 | |a štatistika |
| 610 | 2 | 0 | |a podnikanie |
| 610 | 2 | 0 | |a ekonómia |
| 610 | 2 | 0 | |a dáta |
| 610 | 2 | 0 | |a analýzy |
| 610 | 2 | 0 | |a regresia |
| 610 | 2 | 0 | |a testy |
| 610 | 2 | 0 | |a korelácia |
| 610 | 2 | 0 | |a experimenty |
| 610 | 2 | 0 | |a štúdie |
| 610 | 2 | 0 | |a pravdepodobnosť |
| 610 | 2 | 0 | |a modely |
| 610 | 2 | 0 | |a modely regresné |
| 610 | 2 | 0 | |a odhady |
| 610 | 2 | 0 | |a porovnanie štatistické |
| 610 | 2 | 0 | |a metódy štatistické |
| 100 | 1 | |a Alwan, Layth C. | |
| 700 | 1 | |a Craig, Bruce A. | |
| 700 | 1 | |a McCabe, George P. | |